000 00421nam a22001577a 4500
005 20241205123342.0
008 241205b |||||||| |||| 00| 0 eng d
020 _a0-333-72740-1
050 _aPE1130
_b PEN
100 _aPENHALLURICK, ROB;
245 _aSTUDYING THE ENGLISH LANGUAGE
260 _aNEW YORK
_bPALGRAVE MACMILLAN
_cc2003
300 _axii, 249p;
_bill.;
500 _aINCLUDING INDEX
942 _2lcc
_cBK
_n0
999 _c1974
_d1974